[Event "St Chely d'Aubrac op 11th"]
[Site "St Chely d'Aubrac"]
[Date "2011.07.10"]
[Round "2"]
[White "Barnicol, Georges"]
[Black "Tassetti, Florent"]
[Result "0-1"]
[WhiteElo "1580"]
[BlackElo "1692"]
[PlyCount "126"]
[EventDate "2011.07.09"]
[EventType "swiss"]
[EventRounds "7"]
[EventCountry "FRA"]
[SourceTitle "CBM 143 Extra"]
[Source "ChessBase"]
[SourceDate "2011.08.29"]
[SourceVersion "1"]
[SourceVersionDate "2011.08.29"]
[SourceQuality "1"]

1. e4 e5 2. Nf3 Nc6 3. Bb5 a6 4. Ba4 d6 5. 0-0 Bd7 6. c3 g6 7. d4 Bg7 8. Be3 Nge7 9. Re1 0-0 10. Nbd2 Kh8 11. Nf1 f5 12. exf5 gxf5 13. dxe5 dxe5 14. Bc5 Re8 15. Ng3 h6 16. Nh5 Ng6 17. Nxg7 Kxg7 18. Bc2 Be6 19. Qxd8 Raxd8 20. Rad1 b6 21. Rxd8 Rxd8 22. Ba3 e4 23. Nd4 Nxd4 24. cxd4 Rxd4 25. b3 Rd2 26. Bb1 Ne5 27. Bb4 Rd5 28. Bc3 Kf7 29. h3 Nd3 30. Rd1 c5 31. f3 Nf4 32. Rxd5 Bxd5 33. fxe4 Bxe4 34. Bxe4 Ne2+ 35. Kf2 Nxc3 36. Bxf5 Nxa2 37. Bd3 Nb4 38. Bc4+ Kf6 39. g4 b5 40. Be2 Nc2 41. Bf3 Nd4 42. Bb7 a5 43. Ba6 Ke5 44. Ke3 Kd5 45. Bb7+ Kd6 46. Ba6 Kc6 47. Kd3 Nxb3 48. h4 c4+ 49. Ke3 Nc5 50. Bc8 Kd6 51. g5 hxg5 52. h5 Ke7 53. h6 Kf7 54. h7 Kg7 55. Bf5 a4 56. Kd4 a3 57. Bb1 Nb3+ 58. Kc3 g4 59. Bf5 a2 60. Kb4 a1Q 61. Kxb5 Qa5+ 62. Kxc4 Qxf5 63. Kxb3 Kxh7 0-1

[Event "St Chely d'Aubrac op 11th"]
[Site "St Chely d'Aubrac"]
[Date "2011.07.09"]
[Round "1"]
[White "Tassetti, Florent"]
[Black "Riff, Jean Noel"]
[Result "0-1"]
[WhiteElo "1692"]
[BlackElo "2493"]
[PlyCount "72"]
[EventDate "2011.07.09"]
[EventType "swiss"]
[EventRounds "7"]
[EventCountry "FRA"]
[SourceTitle "CBM 143 Extra"]
[Source "ChessBase"]
[SourceDate "2011.08.29"]
[SourceVersion "1"]
[SourceVersionDate "2011.08.29"]
[SourceQuality "1"]

1. d4 Nf6 2. c4 e6 3. Nf3 Bb4+ 4. Bd2 Qe7 5. g3 Nc6 6. Bg2 Bxd2+ 7. Nbxd2 a5 8. 0-0 0-0 9. e4 e5 10. dxe5 Nxe5 11. Qc2 d6 12. c5 Nxf3+ 13. Bxf3 dxc5 14. Rfe1 Be6 15. e5 Nd5 16. Be4 h6 17. Rac1 b6 18. a3 Rad8 19. f4 f5 20. exf6 Qxf6 21. Nf3 Ne7 22. Ne5 Bf5 23. b4 axb4 24. axb4 Bxe4 25. Qxe4 Rd4 26. Qb7 Rxb4 27. Qxc7 Ng6 28. Rcd1 Nxe5 29. Rxe5 Qg6 30. Rde1 Rbxf4 31. Re6 Rf1+ 32. Rxf1 Rxf1+ 33. Kxf1 Qxe6 34. Qd8+ Kf7 35. Kg2 Qc6+ 36. Kh3 c4 0-1

[Event "St Chely d'Aubrac op 10th"]
[Site "St Chely d'Aubrac"]
[Date "2010.07.12"]
[Round "3"]
[White "Tassetti, Florent"]
[Black "Lavanchy, Marc Henri"]
[Result "1/2-1/2"]
[WhiteElo "1676"]
[BlackElo "1912"]
[PlyCount "62"]
[EventDate "2010.07.10"]
[EventType "swiss"]
[EventRounds "9"]
[EventCountry "FRA"]
[SourceTitle "CBM 137 Extra"]
[Source "ChessBase"]
[SourceDate "2010.09.01"]
[SourceVersion "1"]
[SourceVersionDate "2010.09.01"]
[SourceQuality "1"]

1. Nf3 Nf6 2. c4 g6 3. g3 Bg7 4. Bg2 c5 5. Nc3 0-0 6. 0-0 Nc6 7. e3 d6 8. a3 Bd7 9. Rb1 a5 10. Re1 Re8 11. d4 cxd4 12. exd4 Bf5 13. Ra1 e5 14. dxe5 dxe5 15. Bg5 h6 16. Be3 Ng4 17. Qxd8 Raxd8 18. Bb6 Rd3 19. h3 Nf6 20. Rad1 Nd7 21. Be3 e4 22. Rxd3 exd3 23. Rd1 g5 24. Ne1 Nde5 25. g4 Bg6 26. Bd5 Re7 27. Na4 Rc7 28. Bb6 Re7 29. b3 Nd7 30. Be3 Nde5 31. Nc5 Rc7 1/2-1/2

[Event "St Chely d'Aubrac op 9th"]
[Site "St Chely d'Aubrac"]
[Date "2009.07.15"]
[Round "6"]
[White "Van Hoolandt, Patrick"]
[Black "Tassetti, Florent"]
[Result "1-0"]
[WhiteElo "2233"]
[BlackElo "1718"]
[PlyCount "49"]
[EventDate "2009.07.11"]
[EventType "swiss"]
[EventRounds "9"]
[EventCountry "FRA"]
[SourceTitle "EXT 2010"]
[Source "ChessBase"]
[SourceDate "2010.11.25"]
[SourceVersion "1"]
[SourceVersionDate "2010.11.25"]
[SourceQuality "1"]

1. d4 d5 2. c4 e6 3. Nf3 Nf6 4. Nc3 Be7 5. Qc2 0-0 6. cxd5 exd5 7. Bg5 Nbd7 8. e3 c6 9. Bd3 Re8 10. 0-0 Nf8 11. h3 Be6 12. Rab1 Ne4 13. Bxe7 Rxe7 14. b4 Nxc3 15. Qxc3 Rc7 16. Rfc1 Rac8 17. Qc2 h6 18. Rb3 Nd7 19. Rc3 Nb6 20. Ne5 Qg5 21. f4 Qg3 22. Bh7+ Kh8 23. Bf5 Nc4 24. Bxe6 fxe6 25. e4 1-0

[Event "St Chely d'Aubrac op 9th"]
[Site "St Chely d'Aubrac"]
[Date "2009.07.12"]
[Round "2"]
[White "Ternault, Mathieu"]
[Black "Tassetti, Florent"]
[Result "1-0"]
[WhiteElo "1962"]
[BlackElo "1718"]
[PlyCount "75"]
[EventDate "2009.07.11"]
[EventType "swiss"]
[EventRounds "9"]
[EventCountry "FRA"]
[SourceTitle "EXT 2010"]
[Source "ChessBase"]
[SourceDate "2010.11.25"]
[SourceVersion "1"]
[SourceVersionDate "2010.11.25"]
[SourceQuality "1"]

1. d4 d5 2. c4 e6 3. Nc3 Nf6 4. Bg5 Be7 5. Nf3 0-0 6. e3 a6 7. Ne5 Nbd7 8. Bxf6 Nxf6 9. Be2 dxc4 10. Bf3 Nd5 11. Nxc4 Nxc3 12. bxc3 c5 13. Rb1 Rb8 14. Rb6 Qc7 15. Qb3 Bd8 16. 0-0 Qe7 17. Rxa6 b5 18. Ra3 cxd4 19. Ne5 Qc7 20. cxd4 Be7 21. Ra8 Bb7 22. Rxb8 Rxb8 23. Bxb7 Rxb7 24. Nd3 Qc4 25. Rc1 Qxb3 26. Rc8+ Bf8 27. axb3 Ra7 28. g3 Ra3 29. Nc5 Ra7 30. Rd8 f6 31. Nxe6 Rf7 32. Rxf8+ Rxf8 33. Nxf8 Kxf8 34. Kg2 Ke7 35. Kf3 Kd6 36. Ke4 g6 37. Kd3 f5 38. f3 1-0

[Event "St Chely d'Aubrac op 7th"]
[Site "St Chely d'Aubrac"]
[Date "2007.07.19"]
[Round "7"]
[White "Viennot, Dylan"]
[Black "Tassetti, Florent"]
[Result "1-0"]
[WhiteElo "1840"]
[BlackElo "1560"]
[PlyCount "117"]
[EventDate "2007.07.07"]
[EventType "swiss"]
[EventRounds "9"]
[EventCountry "FIN"]
[SourceTitle "EXT 2008"]
[Source "ChessBase"]
[SourceDate "2007.11.25"]
[SourceVersion "1"]
[SourceVersionDate "2007.11.25"]
[SourceQuality "1"]

1. e4 e5 2. Nf3 Nc6 3. Bb5 a6 4. Ba4 b5 5. Bb3 Bc5 6. c3 d6 7. h3 Nf6 8. 0-0 0-0 9. Re1 Bb7 10. d3 h6 11. Nbd2 Re8 12. Nf1 d5 13. Be3 d4 14. cxd4 Nxd4 15. Nxd4 Bxd4 16. Bxd4 Qxd4 17. Qc2 c5 18. Ng3 g6 19. Rad1 Rad8 20. Qe2 a5 21. Qf3 Kg7 22. Rd2 Qb4 23. Ree2 Rd4 24. Qe3 Red8 25. Nf1 c4 26. dxc4 a4 27. Bd1 Qxc4 28. b3 Qb4 29. f3 Rxd2 30. Rxd2 Rxd2 31. Qxd2 Qxd2 32. Nxd2 axb3 33. Bxb3 b4 34. Nc4 Nd7 35. Nd6 Nc5 36. Bxf7 Ba6 37. Kf2 Nb7 38. Bc4 Bxc4 39. Nxc4 Kf6 40. Nb6 b3 41. axb3 Nc5 42. b4 Nd3+ 43. Ke3 Nxb4 44. Nd5+ Nxd5+ 45. exd5 Kf5 46. h4 h5 47. g4+ hxg4 48. fxg4+ Kxg4 49. d6 Kxh4 50. d7 g5 51. d8Q Kh5 52. Qg8 g4 53. Qg7 Kh4 54. Kf2 g3+ 55. Qxg3+ Kh5 56. Kf3 e4+ 57. Kf4 e3 58. Qg7 e2 59. Qh7# 1-0

[Event "St Chely d'Aubrac op 7th"]
[Site "St Chely d'Aubrac"]
[Date "2007.07.18"]
[Round "6"]
[White "Tassetti, Florent"]
[Black "Causse, Michel"]
[Result "1-0"]
[WhiteElo "1560"]
[BlackElo "1360"]
[PlyCount "105"]
[EventDate "2007.07.07"]
[EventType "swiss"]
[EventRounds "9"]
[EventCountry "FIN"]
[SourceTitle "EXT 2008"]
[Source "ChessBase"]
[SourceDate "2007.11.25"]
[SourceVersion "1"]
[SourceVersionDate "2007.11.25"]
[SourceQuality "1"]

1. Nf3 d5 2. g3 Nf6 3. Bg2 Nc6 4. 0-0 Bg4 5. d3 e6 6. Nbd2 Be7 7. c3 0-0 8. Qc2 h6 9. Re1 Bf5 10. e4 dxe4 11. dxe4 Bg6 12. Nc4 Nd7 13. Rd1 Qe8 14. Bf4 b5 15. Nce5 Ncxe5 16. Nxe5 Nxe5 17. Bxe5 c6 18. c4 Rc8 19. Qc3 f6 20. Bd6 e5 21. Qb4 Rf7 22. Bh3 c5 23. Qxb5 f5 24. exf5 Bxf5 25. Qxe8+ Rxe8 26. g4 Be6 27. Bxe5 g5 28. b3 h5 29. Re1 hxg4 30. Bg2 Kh7 31. Rad1 Kh6 32. Bd5 Bxd5 33. Rxd5 Ref8 34. Re2 Kg6 35. Kg2 Bf6 36. Bd6 Rh8 37. Bxc5 Rfh7 38. Bd6 Bc3 39. Rc2 Be1 40. Bg3 Rf8 41. c5 Ba5 42. c6 Bc7 43. Bxc7 Rxc7 44. Rd7 Rf7 45. Rxc7 Rxc7 46. Kg3 Kh5 47. b4 a6 48. a4 Rc8 49. c7 Kg6 50. b5 axb5 51. axb5 Ra8 52. c8Q Ra3+ 53. Kg2 1-0